000 00487nam a2200217 454500
001 034375
003 BD-ChCU
008 Eng
020 _ax
040 _aDLC
_cDLC
_dBD-ChCU
082 0 0 _aA826/R614s
100 1 _aRitter, Bruce.
_bx
245 1 0 _aSometimes God has a kid's face
_bx
250 _a2
260 _aAmerica
_bCovenant House
_c1988
300 _a(iv), 121
504 _ax
650 0 _aAmerican letters
_bAmerican letters
700 1 _ax
942 _2ddc
_cBK
999 _c34375
_d34375